000 00942cam a2200313 a 4500
001 11985442
003 OSt
005 20161128181752.0
008 000425s1999 enk b 001 0 eng d
010 _a 00687857
015 _aGB99-Y8886
020 _a0340720379
020 _a0340720360
035 _a(OCoLC)40882735
040 _aUKM
_cUKM
_dDLC
042 _alccopycat
050 0 0 _aHM728
_b.S76 1999
082 0 0 _a306
_221
_bCUL 1999
100 1 _aStorey, John,
_d1950-
_97155
245 1 0 _aCultural Consumption and Everyday Life
260 _aLondon :
_bArnold,
_c1999.
300 _axiii, 191 p. ;
_c25 cm.
504 _aIncludes bibliographical references and index.
650 0 _aSocialization
_97157
650 0 _aCulture & society
_97158
856 4 2 _3Publisher description
_uhttp://www.loc.gov/catdir/enhancements/fy0611/00687857-d.html
906 _a7
_bcbc
_ccopycat
_d2
_encip
_f20
_gy-gencatlg
942 _2ddc
_cSLOAN
999 _c3195
_d3195